[Event "III Weekend INPS"]
[Site "Roma ITA"]
[Date "1998.04.??"]
[Round "1"]
[White "Scacco, Mauro"]
[Black "Catena, Marco"]
[Result "1-0"]
[WhiteElo "2050"]
[BlackElo "1723"]
[PlyCount "63"]
[EventDate "1998.04.??"]

1. Nf3 e6 2. d4 d5 3. c4 c6 4. e3 Bd6 5. Nc3 f5 6. Bd3 Nf6 7. O-O O-O 8. Qb3
Ne4 9. cxd5 cxd5 10. Nb5 Nc6 11. Nxd6 Qxd6 12. Bd2 b6 13. a3 Nxd2 14. Nxd2 Bb7
15. f4 Na5 16. Qa2 Rac8 17. Rac1 Rc7 18. b4 Nc6 19. Rc2 Rfc8 20. Rfc1 Ne7 21.
Nf3 Rxc2 22. Rxc2 Rxc2 23. Qxc2 Ng6 24. g4 Nxf4 25. exf4 Qxf4 26. Qf2 Qc1+ 27.
Qe1 Qxe1+ 28. Nxe1 fxg4 29. Kf2 Kf7 30. Kg3 h5 31. Kh4 g6 32. Kg5 1-0

[Event "III Weekend INPS"]
[Site "Roma ITA"]
[Date "1998.04.??"]
[Round "1"]
[White "Simeoni, Matteo"]
[Black "Tomescu, Vlad"]
[Result "0-1"]
[WhiteElo "2035"]
[BlackElo "2415"]
[PlyCount "70"]
[EventDate "1998.04.??"]

1. e4 Nc6 2. d4 d5 3. Nc3 dxe4 4. d5 Ne5 5. f3 c6 6. fxe4 e6 7. Nf3 Nxf3+ 8.
Qxf3 Qh4+ 9. g3 Qf6 10. Qe2 e5 11. Bg2 Bb4 12. Bd2 Ne7 13. Rf1 Qd6 14. O-O-O
O-O 15. h3 Bd7 16. Be1 c5 17. Qh5 b5 18. Rf3 f6 19. Ne2 Bxe1 20. Rxe1 b4 21. g4
h6 22. Ng3 Qa6 23. a3 Be8 24. Qh4 Ng6 25. Qh5 Nf4 26. Bf1 Qb6 27. Qh4 Rb8 28.
Nf5 bxa3 29. Rb3 a2 30. Rxb6 a1=Q+ 31. Kd2 Qa5+ 32. Kd1 Rxb6 33. d6 Rxb2 34.
Bc4+ Kh7 35. Qf2 Rb1# 0-1

[Event "III Weekend INPS"]
[Site "Roma ITA"]
[Date "1998.04.??"]
[Round "1"]
[White "Spano' Cuomo, Gaetano"]
[Black "Marzano, Carlo"]
[Result "0-1"]
[WhiteElo "1866"]
[BlackElo "2185"]
[PlyCount "118"]
[EventDate "1998.04.??"]

1. d4 d6 2. e4 g6 3. Nf3 Bg7 4. Bd3 Nc6 5. Be3 e5 6. d5 Nce7 7. c4 c5 8. Nc3 f5
9. Ng5 f4 10. Bd2 Nf6 11. Qa4+ Bd7 12. Ne6 Qb8 13. Nxg7+ Kf7 14. Qc2 Kxg7 15.
g3 g5 16. gxf4 gxf4 17. f3 Ng6 18. O-O-O Kf7 19. Rdg1 a6 20. Be1 Rg8 21. Bf1 b5
22. Rg2 b4 23. Nd1 a5 24. Rhg1 Qf8 25. Nf2 h5 26. Nd3 Qh6 27. Qd2 Rg7 28. Bh4
Rag8 29. Bg5 Qh8 30. Bxf6 Kxf6 31. Qf2 h4 32. Kd2 Qh6 33. Ke1 Nf8 34. Nxc5 dxc5
35. Qxc5 Kf7 36. Rxg7+ Rxg7 37. Rxg7+ Qxg7 38. Qa7 Ke8 39. Kf2 h3 40. Qxa5 Qe7
41. c5 Qh4+ 42. Ke2 Qg5 43. c6 Qg1 44. cxd7+ Nxd7 45. Qa8+ Ke7 46. Qh8 Qe3+ 47.
Kd1 Qxf3+ 48. Be2 Qxe4 49. Qxh3 Qb1+ 50. Kd2 Qxb2+ 51. Ke1 Qa1+ 52. Bd1 Nc5 53.
Qh7+ Kd6 54. Qc2 Kxd5 55. h4 Qd4 56. Qd2 Nd3+ 57. Kf1 e4 58. Bc2 Qa1+ 59. Bd1
Qg7 0-1

[Event "III Weekend INPS"]
[Site "Roma ITA"]
[Date "1998.04.??"]
[Round "1"]
[White "Vigile, Matteo"]
[Black "De Vita, Igor"]
[Result "0-1"]
[WhiteElo "1774"]
[BlackElo "2125"]
[PlyCount "66"]
[EventDate "1998.04.??"]

1. e4 Nf6 2. Nc3 d5 3. exd5 Nxd5 4. Bc4 Nb6 5. Bb3 Nc6 6. Nf3 Bf5 7. O-O e6 8.
d3 Be7 9. Bf4 O-O 10. Qd2 Bf6 11. Rfe1 Rc8 12. Bg5 Nd4 13. Ne4 Nxf3+ 14. gxf3
Bxe4 15. Bxf6 Qxf6 16. fxe4 Qxb2 17. Kh1 Rcd8 18. Rg1 Qe5 19. Qe3 c5 20. Raf1
g6 21. f4 Qd4 22. Qh3 c4 23. f5 exf5 24. exf5 cxb3 25. Rg4 Qd5+ 26. Kg1 bxc2
27. Qh6 Qc5+ 28. Kh1 Qc6+ 29. Kg1 Nd7 30. Rh4 Nf6 31. fxg6 fxg6 32. Rc4 Qxc4
33. dxc4 Rd1 0-1

[Event "III Weekend INPS"]
[Site "Roma ITA"]
[Date "1998.04.??"]
[Round "2"]
[White "Catena, Marco"]
[Black "Spano' Cuomo, Gaetano"]
[Result "1/2-1/2"]
[WhiteElo "1723"]
[BlackElo "1866"]
[PlyCount "146"]
[EventDate "1998.04.??"]

1. d4 Nf6 2. c4 e6 3. Nc3 d5 4. Nf3 Be7 5. Bf4 c6 6. e3 Nbd7 7. Bd3 Nh5 8. Be5
Nxe5 9. Nxe5 g6 10. O-O Bd6 11. f4 Bd7 12. Qb3 Rb8 13. Rf3 f6 14. Nxd7 Qxd7 15.
cxd5 exd5 16. Nxd5 Qf7 17. Nc3 Qxb3 18. axb3 a6 19. Ne4 Be7 20. g4 Ng7 21. Nd2
Kd7 22. Nc4 b5 23. Nd2 Ra8 24. Rff1 Kc7 25. Rfc1 Kb6 26. Ne4 Ne6 27. f5 gxf5
28. gxf5 Rhg8+ 29. Kh1 Ng5 30. Nxg5 Rxg5 31. Rc2 Rc8 32. Rac1 b4 33. Bc4 Rc7
34. Be6 c5 35. d5 Rg4 36. Rc4 Rg5 37. Rh4 Bd6 38. Rhc4 Rcg7 39. R4c2 Kc7 40.
Rd1 Kb6 41. e4 Kb7 42. Re2 h5 43. e5 fxe5 44. f6 R7g6 45. Rf2 e4 46. f7 e3 47.
Re2 Rf6 48. Rg1 Rf2 49. Rxf2 exf2 50. Rf1 Rg1+ 51. Rxg1 fxg1=Q+ 52. Kxg1 Kc7
53. Kg2 Kd8 54. Kf3 Ke7 55. h4 Kf8 56. Ke4 Bg3 57. Kf5 Bxh4 58. Kg6 Be7 59.
Kxh5 Bd6 60. Kg6 a5 61. Bd7 Be5 62. Be8 Bxb2 63. Kf5 a4 64. bxa4 c4 65. d6 Bd4
66. a5 b3 67. d7 b2 68. d8=Q b1=Q+ 69. Ke6 Qe4+ 70. Kd7 Qd5+ 71. Kc8 Qxd8+ 72.
Kxd8 c3 73. Ba4 Kxf7 1/2-1/2

[Event "III Weekend INPS"]
[Site "Roma ITA"]
[Date "1998.04.??"]
[Round "2"]
[White "Corvi, Marco"]
[Black "Rossetti, Mauro"]
[Result "1-0"]
[WhiteElo "2320"]
[BlackElo "1912"]
[PlyCount "55"]
[EventDate "1998.04.??"]

1. c4 c5 2. Nc3 Nc6 3. Nf3 g6 4. g3 Bg7 5. Bg2 Nf6 6. O-O O-O 7. d4 cxd4 8.
Nxd4 Nxd4 9. Qxd4 d6 10. Qd3 Rb8 11. Be3 b6 12. b3 Qd7 13. Rac1 Bb7 14. Bd4
Bxg2 15. Kxg2 Qb7+ 16. f3 Rfd8 17. e4 Nd7 18. Bxg7 Kxg7 19. Qd4+ f6 20. Rfd1 a6
21. Nd5 Nf8 22. Ne3 Rdc8 23. h4 b5 24. h5 bxc4 25. Rxc4 Rxc4 26. Qxc4 Rc8 27.
h6+ Kxh6 28. Qf7 1-0

[Event "III Weekend INPS"]
[Site "Roma ITA"]
[Date "1998.04.??"]
[Round "2"]
[White "De Carolis, Massimo"]
[Black "Iatrino, Vincenzo"]
[Result "0-1"]
[WhiteElo "1705"]
[BlackElo "1740"]
[PlyCount "64"]
[EventDate "1998.04.??"]

1. d4 e6 2. Nf3 c5 3. e3 Nc6 4. c3 Nf6 5. Bd3 cxd4 6. exd4 Qc7 7. Bg5 Be7 8.
Nbd2 b6 9. Qe2 Bb7 10. h3 Nd5 11. Be3 O-O 12. O-O f5 13. Nc4 Bf6 14. Bg5 Bxg5
15. Nxg5 Nf4 16. Qd2 Nxd3 17. Qxd3 Ba6 18. Qe2 h6 19. Nf3 Nd8 20. Nfe5 d5 21.
Qf3 Bxc4 22. Nxc4 Qxc4 23. Rfe1 Rc8 24. Re3 Qc7 25. Rae1 Rf6 26. Qh5 Qf7 27.
Qe2 f4 28. Rf3 Nc6 29. Qa6 Re8 30. Qb5 e5 31. dxe5 Nxe5 32. Rd3 Nf3+ 0-1

[Event "III Weekend INPS"]
[Site "Roma ITA"]
[Date "1998.04.??"]
[Round "2"]
[White "De Vita, Igor"]
[Black "Cerasi, Umberto"]
[Result "1/2-1/2"]
[WhiteElo "2125"]
[BlackElo "1920"]
[PlyCount "113"]
[EventDate "1998.04.??"]

1. e4 c6 2. d4 d5 3. e5 Bf5 4. Nf3 e6 5. Be2 Be7 6. O-O Nd7 7. a4 a5 8. Be3 Bg6
9. Nbd2 f6 10. exf6 Bxf6 11. Re1 Nh6 12. Nf1 O-O 13. Qd2 Nf7 14. Ng3 Re8 15.
Rad1 Kh8 16. b3 Be7 17. Bf4 Nf8 18. Bd3 Bxd3 19. Qxd3 Ng6 20. Bd2 Bd6 21. Nh5
Kg8 22. Kh1 Kh8 23. Re2 Qd7 24. Rde1 Nf8 25. Bf4 Kg8 26. Be5 Bxe5 27. Nxe5 Nxe5
28. Rxe5 Qf7 29. Qe2 Re7 30. Ng3 Rc8 31. Qe3 Rd7 32. Kg1 Rdc7 33. Ne2 Re7 34.
Nf4 Rce8 35. Nd3 b6 36. Rg5 Nd7 37. Ne5 Nxe5 38. Rxe5 Kh8 39. f4 g6 40. g3 Kg7
41. g4 Kf8 42. Kh1 Qf6 43. Re2 Kg7 44. f5 gxf5 45. gxf5 Kh8 46. Re1 Kg7 47.
fxe6 Rf8 48. Rg5+ Kh8 49. Qe5 Qxe5 50. Rgxe5 Rf4 51. c3 Kg7 52. Kg2 Kg6 53. Kg3
Rf5 54. Rxf5 Kxf5 55. Re5+ Kf6 56. Kf4 h6 57. Kg4 1/2-1/2

[Event "III Weekend INPS"]
[Site "Roma ITA"]
[Date "1998.04.??"]
[Round "2"]
[White "Di Lascio, Savino"]
[Black "Barletta, Antonio"]
[Result "0-1"]
[WhiteElo "1864"]
[BlackElo "1866"]
[PlyCount "74"]
[EventDate "1998.04.??"]

1. Nf3 Nf6 2. g3 d5 3. Bg2 c6 4. O-O Bf5 5. d3 e6 6. Nbd2 Nbd7 7. Re1 Be7 8. e4
dxe4 9. dxe4 Bg6 10. Nh4 Bh5 11. Ndf3 h6 12. Bh1 g5 13. Ng2 Nc5 14. Qxd8+ Rxd8
15. Nd2 Bg6 16. f3 O-O 17. Nb3 Na4 18. c3 Rd3 19. e5 Nd7 20. f4 Ndb6 21. Ne3
gxf4 22. gxf4 Kh7 23. Nd2 Nxb2 24. Ne4 N2c4 25. Ng4 Rfd8 26. Ngf2 R3d7 27. Ng4
Rd1 28. Be3 Nxe3 29. Nxe3 Rxa1 30. Rxa1 Nd5 31. Nxd5 cxd5 32. Nd2 Rc8 33. c4
Bb4 34. cxd5 Bxd2 35. dxe6 fxe6 36. Bxb7 Rc1+ 37. Rxc1 Bxc1 0-1

[Event "III Weekend INPS"]
[Site "Roma ITA"]
[Date "1998.04.??"]
[Round "2"]
[White "Gardon, Ermanno"]
[Black "Passerotti, Pierluigi"]
[Result "0-1"]
[WhiteElo "1818"]
[BlackElo "2305"]
[PlyCount "94"]
[EventDate "1998.04.??"]

1. e4 c5 2. Nf3 d6 3. d4 cxd4 4. Nxd4 Nf6 5. Nc3 a6 6. f4 e6 7. Bd3 b5 8. Qe2
Bb7 9. Nf3 b4 10. Nd1 Nbd7 11. Nf2 Nc5 12. O-O Be7 13. Bd2 O-O 14. Kh1 a5 15.
Nd4 Rc8 16. Rfc1 d5 17. e5 Nfe4 18. Be3 f6 19. Nxe4 dxe4 20. Bc4 Bd5 21. Rd1
Qe8 22. f5 fxe5 23. Nxe6 Bxc4 24. Qxc4 Nxe6 25. Qxe6+ Qf7 26. Qxe5 Bf6 27. Qxe4
Rfe8 28. Qf4 Bxb2 29. Rab1 Rxc2 30. Bb6 Be5 31. Qg4 Rxa2 32. Bd8 Bf6 33. Bxf6
Qxf6 34. Rd7 Rae2 35. Qc4+ Kf8 36. Qc5+ Kg8 37. Qc4+ Kf8 38. Qc5+ R2e7 39. Rd6
Qc3 40. Qxc3 bxc3 41. Rf1 Re1 42. Kg1 Rxf1+ 43. Kxf1 Rc8 44. Rd1 a4 45. Rc1 a3
46. Ke2 a2 47. Kd1 c2+ 0-1

[Event "III Weekend INPS"]
[Site "Roma ITA"]
[Date "1998.04.??"]
[Round "2"]
[White "Garofalo, Massimo"]
[Black "Terreni, Fabio"]
[Result "0-1"]
[WhiteElo "1777"]
[BlackElo "1708"]
[PlyCount "114"]
[EventDate "1998.04.??"]

1. e4 e5 2. Nf3 Nc6 3. d4 exd4 4. Nxd4 Nxd4 5. Qxd4 d6 6. Nc3 Nf6 7. Bc4 Be7 8.
O-O O-O 9. f3 b6 10. Kh1 Bb7 11. Be3 Re8 12. Rad1 Qc8 13. Qd2 Bf8 14. Bg5 Be7
15. Bb5 Rd8 16. Qe3 Qe6 17. b3 c6 18. Be2 h6 19. Bf4 Nh5 20. Bd3 g5 21. Bg3
Nxg3+ 22. hxg3 Qe5 23. Qe1 d5 24. exd5 Qxe1 25. Rfxe1 Bb4 26. dxc6 Bxc6 27. Ne4
Bxe1 28. Nf6+ Kg7 29. Nh5+ Kf8 30. Rxe1 Re8 31. Rd1 Rad8 32. Rf1 Re3 33. Nf6
Ke7 34. Ng4 Re6 35. Bf5 Red6 36. Re1+ Kf8 37. Bd3 Re8 38. Rf1 Rde6 39. f4 Re1
40. Ne5 Rxf1+ 41. Bxf1 Be4 42. Bc4 f6 43. Ng4 Kg7 44. c3 Bb1 45. a4 Re1+ 46.
Kh2 Rc1 47. Ne3 Rxc3 48. Nd5 Rc1 49. Ne7 Be4 50. Nc8 Rc2 51. Nxa7 Rxg2+ 52. Kh3
h5 53. fxg5 fxg5 54. Be6 g4+ 55. Kh4 Kh6 56. Bxg4 Rh2+ 57. Bh3 Bg2 0-1

[Event "III Weekend INPS"]
[Site "Roma ITA"]
[Date "1998.04.??"]
[Round "2"]
[White "Gaspero, Mario"]
[Black "Farina, Saverio"]
[Result "0-1"]
[WhiteElo "1785"]
[BlackElo "2200"]
[PlyCount "60"]
[EventDate "1998.04.??"]

1. e4 e6 2. d4 d5 3. e5 c5 4. c3 Qb6 5. Nf3 Nc6 6. a3 c4 7. g3 f6 8. exf6 Nxf6
9. Bg2 e5 10. Nxe5 Nxe5 11. dxe5 Ng4 12. O-O Bc5 13. Qe2 Nxf2 14. Rxf2 Rf8 15.
Bf4 Be6 16. Kf1 Bxf2 17. Qxf2 g5 18. Qxb6 axb6 19. Ke2 gxf4 20. gxf4 Rxf4 21.
Ke3 Rf5 22. Kd4 Rf4+ 23. Ke3 Rf5 24. Kd4 Rf2 25. Bxd5 Bxd5 26. Kxd5 Rd8+ 27.
Kxc4 Rd1 28. Kb3 Rff1 29. Ka2 Rh1 30. a4 h5 0-1

[Event "III Weekend INPS"]
[Site "Roma ITA"]
[Date "1998.04.??"]
[Round "2"]
[White "Marta, Daniele"]
[Black "Micaloni, Mario"]
[Result "1/2-1/2"]
[WhiteElo "1888"]
[BlackElo "1705"]
[PlyCount "54"]
[EventDate "1998.04.??"]

1. d4 Nf6 2. c4 g6 3. Nc3 d5 4. cxd5 Nxd5 5. e4 Nxc3 6. bxc3 Bg7 7. Bc4 O-O 8.
Ne2 c5 9. Be3 Nc6 10. O-O b6 11. dxc5 bxc5 12. Qxd8 Rxd8 13. Bxc5 Bb7 14. Rad1
Rdc8 15. Bb3 Na5 16. Bxe7 Nxb3 17. axb3 Bxe4 18. Rd7 Bf5 19. Rb7 Bd3 20. Re1
Bxe2 21. Rxe2 Rxc3 22. g3 Bd4 23. Bg5 Rc5 24. Be3 Re5 25. b4 Bxe3 26. Rxe3 Rxe3
27. fxe3 a6 1/2-1/2

[Event "III Weekend INPS"]
[Site "Roma ITA"]
[Date "1998.04.??"]
[Round "2"]
[White "Medori, Marco"]
[Black "Vigile, Matteo"]
[Result "1-0"]
[WhiteElo "1606"]
[BlackElo "1774"]
[PlyCount "43"]
[EventDate "1998.04.??"]

1. e4 e5 2. Nf3 d6 3. d4 Nf6 4. Nc3 Nbd7 5. Bc4 Be7 6. Bxf7+ Kxf7 7. Ng5+ Kg8
8. Ne6 Qe8 9. Nxc7 Qg6 10. O-O Rb8 11. f4 h6 12. fxe5 dxe5 13. N7d5 Nxd5 14.
Nxd5 Bf6 15. Rxf6 Qxe4 16. Ne7+ Kh7 17. Rf7 Nf6 18. dxe5 Qxe5 19. Qd3+ Ne4 20.
Bf4 Qc5+ 21. Be3 Qe5 22. Bd4 1-0

[Event "III Weekend INPS"]
[Site "Roma ITA"]
[Date "1998.04.??"]
[Round "2"]
[White "Monteleone, Antonio"]
[Black "Ortega, Lexy"]
[Result "1/2-1/2"]
[WhiteElo "2165"]
[BlackElo "2475"]
[PlyCount "113"]
[EventDate "1998.04.??"]

1. d4 Nf6 2. c4 e6 3. Nc3 Bb4 4. Qc2 c5 5. dxc5 Na6 6. a3 Qa5 7. Bd2 Nxc5 8.
Rd1 Bxc3 9. Bxc3 Qa4 10. Qxa4 Nxa4 11. Bd4 b6 12. f3 Ke7 13. e4 d6 14. b3 Nc5
15. Rb1 Bb7 16. Ne2 Rhc8 17. Nc3 Ncd7 18. Be2 a6 19. Kd2 Bc6 20. Rhc1 Rab8 21.
g4 h6 22. h4 Ne5 23. Bxe5 dxe5 24. c5 bxc5 25. Bxa6 Rd8+ 26. Ke3 Rd4 27. Be2
Ne8 28. Na2 Kd6 29. b4 cxb4 30. Nxb4 Bd7 31. Nc2 Rxb1 32. Rxb1 Ra4 33. Rb7 Nc7
34. Kd2 f5 35. Rb4 fxe4 36. fxe4 Bc6 37. Rxa4 Bxa4 38. Ne3 Kc5 39. Kc3 Bc6 40.
Bd3 g5 41. hxg5 hxg5 42. Nd1 Ne8 43. Nf2 Nf6 44. Bc2 Bb5 45. Bd1 Bf1 46. a4 Bc4
47. Bb3 Bxb3 48. Kxb3 Ne8 49. Nh3 Nf6 50. Nxg5 Nxg4 51. Nxe6+ Kd6 52. a5 Nf6
53. Ng5 Kc6 54. Kc4 Nd7 55. Nf7 Kb7 56. Kb5 Ka7 57. Nd6 1/2-1/2

[Event "III Weekend INPS"]
[Site "Roma ITA"]
[Date "1998.04.??"]
[Round "2"]
[White "Piancatelli, Marco"]
[Black "Rossi De Gasperis, Pietro"]
[Result "1-0"]
[WhiteElo "1822"]
[BlackElo "1704"]
[PlyCount "93"]
[EventDate "1998.04.??"]

1. e4 e6 2. d4 c5 3. c3 Nf6 4. Bd3 Nc6 5. Nf3 Be7 6. O-O d5 7. e5 Nd7 8. a3 Qb6
9. Bc2 Nf8 10. dxc5 Bxc5 11. b4 Be7 12. Be3 Qc7 13. Bd4 Ng6 14. Re1 Bd7 15.
Nbd2 Rc8 16. Rc1 Nxd4 17. cxd4 Qc3 18. Bxg6 Qxc1 19. Qxc1 Rxc1 20. Bxf7+ Kxf7
21. Rxc1 Rc8 22. Rxc8 Bxc8 23. Nb3 b6 24. Nfd2 Ba6 25. f3 Ke8 26. Kf2 Kd7 27.
Nb1 Bc4 28. N3d2 a5 29. bxa5 b5 30. Ke3 Kc6 31. f4 g6 32. Nf3 h6 33. g4 Bb3 34.
g5 h5 35. Kd3 Bd1 36. Nh4 Bg4 37. Kc3 Bf5 38. Nxf5 exf5 39. Kb3 Bd8 40. a6 Bb6
41. Kc3 Bd8 42. Nd2 Be7 43. Kb3 Kb6 44. Nf3 Kxa6 45. Nh4 Kb6 46. Nxg6 Bd8 47.
e6 1-0

[Event "III Weekend INPS"]
[Site "Roma ITA"]
[Date "1998.04.??"]
[Round "2"]
[White "Pierangeli, Andrea"]
[Black "Chiaretti, Roberto"]
[Result "0-1"]
[WhiteElo "1810"]
[BlackElo "2180"]
[PlyCount "142"]
[EventDate "1998.04.??"]

1. b4 e5 2. Bb2 Bxb4 3. Bxe5 Nf6 4. Nf3 Nc6 5. Bb2 d5 6. e3 O-O 7. c4 Bg4 8.
cxd5 Nxd5 9. Be2 Qe7 10. O-O Rad8 11. a3 Ba5 12. Qa4 Bh5 13. Nd4 Bxe2 14. Nxc6
bxc6 15. Re1 Qc5 16. Rxe2 Qb5 17. Qxb5 cxb5 18. d4 c5 19. Rc2 cxd4 20. Bxd4 Rc8
21. Raa2 a6 22. g3 f6 23. Kg2 Kf7 24. e4 Ne7 25. Nd2 Bxd2 26. Rxd2 Rc4 27. f3
Rfc8 28. Kf2 Ke6 29. Rd3 Nc6 30. Ba1 Na5 31. Rad2 R8c6 32. Bb2 Rc2 33. Ke2
Rxd2+ 34. Rxd2 Nb3 35. Rd1 Rc2+ 36. Kd3 Rxb2 37. Kc3 Rf2 38. Kxb3 Rxf3+ 39. Kb4
Re3 40. Rd4 Ke5 41. Rd7 Rxe4+ 42. Kc5 g5 43. Rxh7 Ra4 44. Re7+ Kf5 45. Re3 Kg4
46. Kd5 f5 47. h4 gxh4 48. gxh4 Kxh4 49. Ke5 Kg4 50. Re1 Rxa3 51. Rg1+ Rg3 52.
Ra1 Re3+ 53. Kd4 Re4+ 54. Kd5 Ra4 55. Rg1+ Kf4 56. Rf1+ Kg5 57. Ke5 Re4+ 58.
Kd5 Kf6 59. Rh1 Ra4 60. Rh8 Kg5 61. Ke5 Re4+ 62. Kd5 a5 63. Rg8+ Kf4 64. Kc5 b4
65. Kb5 Kf3 66. Ka4 f4 67. Rg5 Ke3 68. Rxa5 f3 69. Kb3 f2 70. Ra1 Ke2 71. Ra2+
Kf3 0-1

[Event "III Weekend INPS"]
[Site "Roma ITA"]
[Date "1998.04.??"]
[Round "2"]
[White "Quimi, Marco"]
[Black "Scacco, Mauro"]
[Result "1-0"]
[WhiteElo "2225"]
[BlackElo "2050"]
[PlyCount "77"]
[EventDate "1998.04.??"]

1. e4 e5 2. Nf3 Nc6 3. Bb5 Nf6 4. O-O Be7 5. Re1 d6 6. d4 exd4 7. Nxd4 Bd7 8.
Nc3 O-O 9. Bxc6 bxc6 10. b3 h6 11. Bb2 Nh7 12. Qd3 Bf6 13. f4 Re8 14. Rad1 Qb8
15. Nf3 Qb6+ 16. Kh1 Bg4 17. h3 Bxf3 18. Qxf3 Re6 19. Na4 Qb7 20. e5 Rae8 21.
Bc3 Bh4 22. g3 Bd8 23. f5 R6e7 24. h4 Qc8 25. Rf1 dxe5 26. Qxc6 Nf6 27. Nc5 Ng4
28. Rde1 h5 29. Re2 Nh6 30. Qf3 g6 31. fxg6 fxg6 32. Kh2 c6 33. Qd3 Nf5 34.
Qc4+ Kh7 35. Rfe1 Bb6 36. Ne4 Nxh4 37. gxh4 Qg4 38. Ng3 e4 39. Rxe4 1-0

[Event "III Weekend INPS"]
[Site "Roma ITA"]
[Date "1998.04.??"]
[Round "2"]
[White "Scagliarini, Valentina"]
[Black "Simeoni, Matteo"]
[Result "1/2-1/2"]
[WhiteElo "1762"]
[BlackElo "2035"]
[PlyCount "100"]
[EventDate "1998.04.??"]

1. e4 c5 2. Nf3 d6 3. d4 cxd4 4. Nxd4 Nf6 5. Nc3 a6 6. f3 e5 7. Nb3 Be6 8. Be3
Be7 9. Qd2 Nbd7 10. O-O-O Rc8 11. g4 Bxb3 12. cxb3 Nc5 13. Kb1 h6 14. h4 b5 15.
Bh3 g5 16. hxg5 hxg5 17. Bg2 Rxh1 18. Rxh1 Kd7 19. Rd1 Rc6 20. Nd5 Nxd5 21.
Qxd5 Ne6 22. Qxe5 Bf6 23. Qd5 Qc7 24. Qd2 Be5 25. Rc1 f6 26. Rxc6 Qxc6 27. Qc2
Qb7 28. Bf1 Nd4 29. Qf2 Ne6 30. Bd3 Qc7 31. Qc2 Qb7 32. Qd2 Ke7 33. Bc2 Qc8 34.
Bd1 Nf4 35. Bc2 Qh8 36. a3 f5 37. Bd1 fxe4 38. fxe4 Qh1 39. Qc2 Kd7 40. Ka2 Qh3
41. Bb6 Ne6 42. Ba5 Qe3 43. Bd2 Qb6 44. Qd3 Qf2 45. Qe3 Qf6 46. Bc3 Nc5 47.
Bxe5 Qxe5 48. Bf3 Kc6 49. Qc3 Kb6 50. Qxe5 dxe5 1/2-1/2

[Event "III Weekend INPS"]
[Site "Roma ITA"]
[Date "1998.04.??"]
[Round "2"]
[White "Simeone, Giulio"]
[Black "D'Andrea, Stefano"]
[Result "0-1"]
[WhiteElo "1717"]
[BlackElo "1663"]
[PlyCount "96"]
[EventDate "1998.04.??"]

1. c4 e5 2. Nc3 d6 3. e3 f5 4. d4 Nf6 5. dxe5 dxe5 6. Qxd8+ Kxd8 7. Nf3 Nbd7 8.
Ng5 Ke7 9. Be2 h6 10. Nf3 e4 11. Nd4 Ne5 12. b4 Kf7 13. b5 Be6 14. Nxe6 Kxe6
15. Bb2 Rd8 16. Rd1 Rxd1+ 17. Kxd1 Bb4 18. Kc2 Rd8 19. Rd1 Rxd1 20. Nxd1 g6 21.
f3 Bc5 22. Bd4 b6 23. Bxc5 bxc5 24. Nf2 g5 25. fxe4 fxe4 26. Kb3 Kf5 27. Ka4 g4
28. Ka5 Ne8 29. Ka6 Nd6 30. Kxa7 Nexc4 31. Nxg4 h5 32. Nf2 Nxe3 33. Kb8 Nd5 34.
a4 c4 35. a5 c3 36. Bd1 Nxb5 37. Bc2 Nf6 38. a6 Ke5 39. a7 Nxa7 40. Kxa7 Kd4
41. Ka6 Ke3 42. Nxe4 Nxe4 43. Kb5 Nd6+ 44. Kc6 Kd2 45. Bb1 Ne8 46. Kd7 c2 47.
Bxc2 Kxc2 48. Kc6 Kd3 0-1

[Event "III Weekend INPS"]
[Site "Roma ITA"]
[Date "1998.04.??"]
[Round "2"]
[White "Tomescu, Vlad"]
[Black "De Vita, Gianni"]
[Result "1-0"]
[WhiteElo "2415"]
[BlackElo "2160"]
[PlyCount "69"]
[EventDate "1998.04.??"]

1. e4 c5 2. Nf3 Nc6 3. d4 cxd4 4. Nxd4 Nf6 5. Nc3 e5 6. Ndb5 d6 7. a4 a6 8. Na3
Be7 9. Bc4 O-O 10. O-O Nd7 11. Bd5 Nc5 12. Nc4 Nd4 13. Be3 Nce6 14. f4 Bf6 15.
f5 Nc5 16. a5 Rb8 17. Qd2 Kh8 18. b4 Nd7 19. Na4 Be7 20. Rad1 Nf6 21. Bxd4 Nxd5
22. Ba7 Ra8 23. Qxd5 Rxa7 24. Nab6 Qc7 25. Nxd6 Bxd6 26. Qxd6 Qxd6 27. Rxd6 g6
28. f6 h5 29. Rfd1 Kh7 30. Rd8 Rxd8 31. Rxd8 Be6 32. h4 Ba2 33. Kf2 Bb1 34. Rc8
Ba2 35. c4 1-0

[Event "III Weekend INPS"]
[Site "Roma ITA"]
[Date "1998.04.??"]
[Round "2"]
[White "Vannelli, Vittorio"]
[Black "Ridolfi, Raffaele"]
[Result "1-0"]
[WhiteElo "1735"]
[BlackElo "1786"]
[PlyCount "80"]
[EventDate "1998.04.??"]

1. e4 c6 2. d4 d5 3. Nc3 dxe4 4. Nxe4 Nd7 5. Nf3 Ngf6 6. Bd3 Nxe4 7. Bxe4 Nf6
8. Bd3 Bg4 9. O-O Bxf3 10. Qxf3 Qxd4 11. Bf4 e6 12. Rfe1 Be7 13. Rad1 Qd5 14.
Qe2 Qa5 15. Bc4 Nd5 16. Be5 O-O 17. Qg4 g6 18. Bb3 Rfd8 19. c3 Qb6 20. Qg3 Rac8
21. Qf3 Nc7 22. Rxd8+ Rxd8 23. Qg3 Na8 24. h4 Qc5 25. h5 Nb6 26. hxg6 hxg6 27.
Bxe6 g5 28. Qh2 fxe6 29. Qh8+ Kf7 30. Qg7+ Ke8 31. Qg6+ Kd7 32. Rd1+ Nd5 33.
Bd4 Qa5 34. c4 Qxa2 35. cxd5 Qxd5 36. Re1 Rf8 37. Bxa7 Qc4 38. Rd1+ Kc7 39. Qg7
Qb4 40. Qe5+ Bd6 1-0

[Event "III Weekend INPS"]
[Site "Roma ITA"]
[Date "1998.04.??"]
[Round "2"]
[White "Vargiu, Antonio"]
[Black "Manzanilla, Rufino"]
[Result "1-0"]
[WhiteElo "1701"]
[BlackElo "1726"]
[PlyCount "151"]
[EventDate "1998.04.??"]

1. e4 c5 2. c3 d5 3. exd5 Qxd5 4. d4 Nf6 5. Nf3 Bg4 6. Be2 e6 7. O-O c4 8. a4
Nc6 9. a5 Bxf3 10. Bxf3 Qd7 11. Nd2 Rc8 12. Qe2 Be7 13. Nxc4 O-O 14. Bg5 Nd5
15. Bxe7 Qxe7 16. Ne5 Nxe5 17. Qxe5 Qc7 18. Rfe1 Rfd8 19. Qxc7 Rxc7 20. Re5 g6
21. Bxd5 Rxd5 22. Rxd5 exd5 23. Re1 Kg7 24. Re5 Rd7 25. Kf1 f6 26. Re3 Kf7 27.
Ke2 Rd6 28. Kd3 b5 29. axb6 axb6 30. b3 h5 31. h4 b5 32. Kc2 Ra6 33. Kb2 Ra8
34. f3 Ra6 35. g3 Ra7 36. Re1 Ra6 37. g4 hxg4 38. fxg4 Re6 39. Rg1 Re3 40. g5
f5 41. Rh1 f4 42. Rf1 f3 43. Kc2 Ke6 44. Kd2 Re2+ 45. Kd3 Rb2 46. Rxf3 Rxb3 47.
Rf6+ Ke7 48. Kc2 Ra3 49. Kb2 b4 50. cxb4 Rd3 51. Rf4 Rh3 52. b5 Kd7 53. Rf7+
Kc8 54. Rf8+ Kb7 55. Rd8 Rxh4 56. Rxd5 Rh3 57. Kc2 Kb6 58. Rc5 Rg3 59. Rd5 Kc7
60. Re5 Kb6 61. Kd2 Kc7 62. d5 Rb3 63. Kc2 Rg3 64. Kd2 Rb3 65. Ke2 Kd6 66. Re6+
Kxd5 67. Rxg6 Ke5 68. Rb6 Ke4 69. g6 Rb2+ 70. Kd1 Kd3 71. Rd6+ Kc4 72. b6 Kb5
73. b7 Kc5 74. Rd7 Kc6 75. Rf7 Kd6 76. g7 1-0

[Event "III Weekend INPS"]
[Site "Roma ITA"]
[Date "1998.04.??"]
[Round "3"]
[White "Barletta, Antonio"]
[Black "Marzano, Carlo"]
[Result "0-1"]
[WhiteElo "1866"]
[BlackElo "2185"]
[PlyCount "100"]
[EventDate "1998.04.??"]

1. e4 g6 2. d4 c6 3. Nc3 d5 4. Nf3 Bg7 5. h3 Nh6 6. e5 O-O 7. Bf4 f6 8. Qd2 Nf7
9. O-O-O a5 10. Bd3 Na6 11. Bxa6 Rxa6 12. Na4 b6 13. Rhe1 Ra7 14. Kb1 g5 15.
exf6 exf6 16. Bg3 Rb7 17. Qd3 Nd6 18. Bxd6 Qxd6 19. g4 Rd8 20. Re3 Bf8 21. Rde1
Qd7 22. Nc3 Qf7 23. Ne2 Re8 24. Rxe8 Qxe8 25. Ng3 Re7 26. Rxe7 Qxe7 27. a3 Qe8
28. Ka2 Bd6 29. Nf5 Bf8 30. h4 Qe4 31. Qxe4 dxe4 32. Nd2 Bxf5 33. gxf5 gxh4 34.
Nxe4 h3 35. Ng3 Bd6 36. Nh1 Kg7 37. Kb3 Kh6 38. Kc3 Kg5 39. Kd3 Kf4 40. Ke2
Kxf5 41. Kf3 h2 42. c4 h5 43. Ke3 h4 44. a4 Kg4 45. f3+ Kh3 46. Kf2 Bf4 47. d5
cxd5 48. cxd5 Bd6 49. Kf1 Bc5 50. b3 f5 0-1

[Event "III Weekend INPS"]
[Site "Roma ITA"]
[Date "1998.04.??"]
[Round "3"]
[White "Chiaretti, Roberto"]
[Black "Monteleone, Antonio"]
[Result "0-1"]
[WhiteElo "2180"]
[BlackElo "2165"]
[PlyCount "80"]
[EventDate "1998.04.??"]

1. Nf3 d5 2. d4 Nf6 3. c4 e6 4. Nc3 c6 5. e3 Nbd7 6. Qc2 Bd6 7. Bd3 O-O 8. O-O
dxc4 9. Bxc4 e5 10. Rd1 Qe7 11. e4 exd4 12. Nxd4 Nc5 13. f3 Qc7 14. g3 Ne6 15.
Be3 Nxd4 16. Bxd4 Be5 17. Qf2 Bxd4 18. Qxd4 Bh3 19. Ne2 Rfd8 20. Qe3 Rxd1+ 21.
Rxd1 Be6 22. Bxe6 fxe6 23. Qb3 Qb6+ 24. Qxb6 axb6 25. a3 Kf7 26. Kf2 e5 27. g4
Ke7 28. Ng3 g6 29. g5 Ne8 30. Nf1 Nd6 31. Ne3 Ra4 32. Nc2 Rc4 33. Rd2 Rc5 34.
Ne3 Nb5 35. Nc2 Ke6 36. Kg2 Nd6 37. Kf2 Nc4 38. Re2 Nxb2 39. Ne3 Nd3+ 40. Kg3
Ra5 0-1

[Event "III Weekend INPS"]
[Site "Roma ITA"]
[Date "1998.04.??"]
[Round "3"]
[White "Ciampi, Vincenzo"]
[Black "Corvi, Marco"]
[Result "1/2-1/2"]
[WhiteElo "2155"]
[BlackElo "2320"]
[PlyCount "37"]
[EventDate "1998.04.??"]

1. e4 c5 2. Nf3 e6 3. Nc3 a6 4. d4 cxd4 5. Nxd4 b5 6. Bd3 Qc7 7. O-O Bb7 8. a3
Nc6 9. Nxc6 Qxc6 10. Qe2 Nf6 11. Kh1 h5 12. Bg5 Rc8 13. Bxf6 gxf6 14. f4 Qc5
15. a4 b4 16. Nd1 a5 17. Ne3 Qd4 18. Rad1 Qa7 19. Bb5 1/2-1/2